00510nam a2200169Ia 4500008004100000040001900041041001200060082002500072100001900097245006700116260002900183300002100212504005000233650001900283651002000302850001800322131103s9999 xx 000 0 und d aLoreto College aEnglish a954/CHAbLCBED/11847 aChandra,Bipan  aIndia's struggle for independence (1857 - 1947)cBipan Chandra aNew DelhibPenguinc1989 a600 p. c 21 cm. aIncludes index and bibliographical references aModern History aIndia - History aLCBED/954/CHA